Normal view
MARC view
- Supervisor: Muhammad Umar Khan
Entry Personal Name
001 - CONTROL NUMBER
- control field: 114345
003 - CONTROL NUMBER IDENTIFIER
- control field: NUST
005 - DATE AND TIME OF LATEST TRANSACTION
- control field: 20230831114543.0
008 - FIXED-LENGTH DATA ELEMENTS
- fixed length control field: 230831|| aca||aabn | a|a d
040 ## - CATALOGING SOURCE
- Original cataloging agency: NUST
- Transcribing agency: NUST
100 ## - HEADING--PERSONAL NAME
- Personal name: Supervisor: Muhammad Umar Khan
670 ## - SOURCE DATA FOUND
- Source citation: Work cat.: (NUST): Muhammad, Awab 114344, Dielectric Resonator Antennas-Based MIMO/mm-Wave Array Design
